LEADER 00609nam0 2200205 450 001 000026115 005 20090604142030.0 100 $a20090604d1979----km-y0itay50------ba 101 1 $aeng 105 $aa-------001yy 200 1 $aModelling hydroelastic vibrations$fOttó Haszpra 210 $aLondon$cPitman$d1979 215 $a136 p.$cill.$d25 cm 676 $a531.32$v20 700 1$aHaszpra,$bOttó$0633541 801 0$aIT$bUNIPARTHENOPE$c20090604$gRICA$2UNIMARC 912 $a000026115 951 $aDISAM 531.32/1$bM 2000$cDISAM$d2009 996 $aModelling hydroelastic vibrations$91211882 997 $aUNIPARTHENOPE LEADER 01032nam0-22003131i-450- 001 990005444530403321 005 20050225134445.0 035 $a000544453 035 $aFED01000544453 035 $a(Aleph)000544453FED01 035 $a000544453 100 $a19990604d1966----km-y0itay50------ba 101 0 $aita 105 $ay-------001yy 200 1 $a<>Spanish conquest in America$eAnd its relation to the history of slavery and to the government of colonies$fby Sir Arthur Helps 205 $aA new edition edited, with an introduction, maps and notes$fby M. Oppenheim 210 $aNew York$cA.M.S. Press.$d1966 215 $a4 v.$d21 cm 610 0 $aSudamerica$aColonizzazione europea 676 $a980.013$v21$zita 700 1$aHelps,$bArthur$0210845 702 1$aOppenheim,$bM. 801 0$aIT$bUNINA$gRICA$2UNIMARC 901 $aBK 912 $a990005444530403321 952 $a980.01 HEL 1 (1-4)$bST.MED.MOD. 2641$fFLFBC 959 $aFLFBC 996 $aSpanish conquest in America$9592345 997 $aUNINA